[Event "GER-chT Lands U20"]
[Site "Hannover"]
[Date "2014.10.04"]
[Round "2.3"]
[White "Perske, Thore"]
[Black "Duessler, Stefanie"]
[Result "1-0"]
[WhiteElo "2277"]
[BlackElo "2113"]
[PlyCount "113"]
[EventDate "2014.10.03"]
[EventType "team-swiss"]
[EventRounds "7"]
[EventCountry "GER"]
[SourceTitle "CBM 162 Extra"]
[Source "ChessBase"]
[SourceDate "2014.10.17"]
[SourceVersion "1"]
[SourceVersionDate "2014.10.17"]
[SourceQuality "1"]
[WhiteTeam "Rheinland Pfalz"]
[BlackTeam "Niedersachsen"]
[WhiteTeamCountry "GER"]
[BlackTeamCountry "GER"]

1. e4 c5 2. Nf3 e6 3. d4 cxd4 4. Nxd4 Nc6 5. Nc3 Qc7 6. Be2 a6 7. 0-0 Nf6 8. Kh1 Bc5 9. Be3 Nxd4 10. Bxd4 b5 11. e5 Nd5 12. Ne4 Be7 13. a4 b4 14. Bd3 Nf4 15. Qf3 Nxd3 16. cxd3 Bb7 17. Rfc1 Bc6 18. Qg3 0-0 19. Bc5 Bxc5 20. Rxc5 Qa7 21. Nf6+ Kh8 22. Qh4 h6 23. Rc4 Rac8 24. Re1 Qb7 25. Rg4 Bxa4 26. Qg3 Rg8 27. Nxg8 Rxg8 28. Qf4 Qd5 29. Qxb4 Bb5 30. Rd4 Qc6 31. h3 Qc2 32. Kg1 Rc8 33. Re3 Qd1+ 34. Kh2 Qh5 35. Rh4 Qg5 36. Rg4 Qf5 37. Rf4 Qh5 38. Qe7 Kg8 39. Rg3 Rf8 40. Qf6 g6 41. Rh4 Qf5 42. Rxh6 Qxf6 43. exf6 Rc8 44. Rg4 Rc5 45. Rgh4 Rh5 46. R4xh5 gxh5 47. d4 Be2 48. f3 d6 49. Rxh5 Bc4 50. g4 Bd3 51. Kg3 Bg6 52. Rh6 Bd3 53. Kf4 Bc2 54. h4 Bd3 55. g5 a5 56. h5 a4 57. g6 1-0